Universidad-Empresa en Europa (Record no. 115739)

MARC details
000 -LEADER
campo de control de longitud fija 00858nam a2200229 i 4500
001 - NÚMERO DE CONTROL
campo de control 115739
003 - IDENTIFICADOR DE NÚMERO DE CONTROL
campo de control ES-MaACL
005 - FECHA Y HORA DE LA ÚLTIMA TRANSACCIÓN
campo de control 20250902051951.0
007 - CAMPO FIJO DE DESCRIPCIÓN FÍSICA--INFORMACIÓN GENERAL
campo de control de longitud fija t|
008 - DATOS DE LONGITUD FIJA--INFORMACIÓN GENERAL
campo de control de longitud fija 070511s1975 sp ||||1| spa d
080 ## - NÚMERO DE LA CLASIFICACIÓN DECIMAL UNIVERSAL
Número de la Clasificación Decimal Universal 331.1(46)
080 ## - NÚMERO DE LA CLASIFICACIÓN DECIMAL UNIVERSAL
Número de la Clasificación Decimal Universal 377(46)
245 00 - MENCIÓN DEL TÍTULO
Título Universidad-Empresa en Europa
Resto del título : intervenciones en el I Seminario Relaciones Universidad-Empresa en Europa /
Mención de responsabilidad, etc. G. Gozzer... [et al.].
260 ## - PUBLICACIÓN, DISTRIBUCIÓN, ETC.
Lugar de publicación, distribución, etc. Madrid :
Nombre del editor, distribuidor, etc. Ibérico Europea,
Fecha de publicación, distribución, etc. [1975]
300 ## - DESCRIPCIÓN FÍSICA
Extensión 310 p. ;
Dimensiones 22 cm.
650 14 - PUNTO DE ACCESO ADICIONAL DE MATERIA--TÉRMINO DE MATERIA
Término de materia o nombre geográfico como elemento de entrada Empleo-
Subdivisión geográfica España-
Subdivisión de forma Congresos y asambleas.
9 (RLIN) 12203
650 14 - PUNTO DE ACCESO ADICIONAL DE MATERIA--TÉRMINO DE MATERIA
Término de materia o nombre geográfico como elemento de entrada Formación profesional-
Subdivisión geográfica España-
Subdivisión de forma Congresos y asambleas.
9 (RLIN) 12928
700 1# - ENTRADA AGREGADA--NOMBRE PERSONAL
Nombre de persona Gozzer, Giovanni.
9 (RLIN) 59434
711 2# - ENTRADA AGREGADA--NOMBRE DE REUNIÓN
Nombre de congreso/reunión o jurisdicción como elemento de entrada Seminario Relaciones Universidad-Empresa en Europa
Número del congreso/reunión o número de parte o sección (1º.
Fecha del congreso o de la firma del tratado 1974.
Sede del congreso/Lugar de la reunión Santa María del Paular)
9 (RLIN) 1053
852 ## - LOCALIZACIÓN
Ubicación ES-MaACL
Número de control de estantería E-7054
Sublocalización o colección R.91558
Holdings
Estatus retirado Estado de pérdida Estado de daño No para préstamo Biblioteca de origen Biblioteca actual Ubicación en estantería Fecha de adquisición Fuente de adquisición Total de préstamos Signatura topográfica completa Código de barras Visto por última vez Precio de reemplazo Tipo de ítem Koha
        Biblioteca del Ateneo de Madrid Biblioteca del Ateneo de Madrid Depósito 2 17/01/2008     E-7054 1120696 23/02/2023 23/02/2023 Libro impreso